| 000 | 01079nam a2200241Ia 4500 | ||
|---|---|---|---|
| 999 |
_c39138 _d39138 |
||
| 001 | 5721 | ||
| 003 | GE_BSU | ||
| 005 | 20190601023557.0 | ||
| 008 | 181216s1976||||ge |||||||||||||| ||geo|| | ||
| 040 | _cGE_BSU | ||
| 041 | _ageo | ||
| 080 | _a69(083.94) ნ-67 | ||
| 100 |
_aნინუა, გ. _91946 |
||
| 245 |
_aმშენებლობის ორგანიზაციის პროექტი : _bდამხმ. სახელმძღ. / _cგ. ნინუა, ზ. მაჭავარიანი, გ. სადუნიშვილი ; რედ. ე. კირვალიძე. |
||
| 260 | _aთბ. | ||
| 264 |
_aთბილისი : _bსპი, _c1976. |
||
| 300 |
_a70 გვ.; _c20 სმ. |
||
| 504 | _aბიბლიოგრ. : გვ.68. | ||
| 653 | _aმშენებლობის ორგანიზაციის პროექტი | ||
| 700 |
_aმაჭავარიანი, ზ. _eავტორი _91947 |
||
| 700 |
_aსადუნიშვილი, გ. _eავტორი _91948 |
||
| 942 |
_cBK _2udc |
||